Hair and another v Gillman (Record no. 65494)
[ view plain ]
| 000 -LEADER | |
|---|---|
| fixed length control field | 01552cam a2200229 4500 |
| 001 - CONTROL NUMBER | |
| control field | ABS63089 |
| 008 - FIXED-LENGTH DATA ELEMENTS--GENERAL INFORMATION | |
| fixed length control field | 000000n2000 000 0 eng u |
| 035 ## - SYSTEM CONTROL NUMBER | |
| System control number | (Sirsi) u109726 |
| 245 ## - TITLE STATEMENT | |
| Title | Hair and another v Gillman |
| 260 ## - PUBLICATION, DISTRIBUTION, ETC. | |
| Date of publication, distribution, etc. | 2000 |
| 490 ## - SERIES STATEMENT | |
| Series statement | Estates Gazette |
| Volume/sequential designation | [2000] 48 EG 117-121(5) |
| 520 ## - SUMMARY, ETC. | |
| Summary, etc. | CA 17 February 2000. B owned commercial property with land which he used to build a school. The appellent (G) purchased the school from B in 1979, before which G had occupied as a tenant. The respondents (H) bought the commercial property from B in 1985, which included a forecourt for parking cars. RI held leases on the commercial property and used the forecourt for parking cars. The leases did not include the forecourt, but H did not object to its use by RI and his clients. G claimed when she purchased the school, an implied grant of easement to park on the forecourt existed in accordance with the Law of Property Act 1925 s62, and alleged that RI was preventing her from parking. H's claim for a declaration that G had no right to park was granted. G appealed. "Held", appeal allowed. The informal permission to use the forecourt granted by B when G was a tenant, turned into an easement under the Law of Property Act 1925 s62 when G purchased the school building. |
| 590 ## - LOCAL NOTE (RLIN) | |
| Local note | ABS |
| 650 ## - SUBJECT ADDED ENTRY--TOPICAL TERM | |
| Topical term or geographic name entry element | HAIR V GILLMAN AND INSKIP |
| 650 ## - SUBJECT ADDED ENTRY--TOPICAL TERM | |
| Topical term or geographic name entry element | IMPLIED GRANT |
| 650 ## - SUBJECT ADDED ENTRY--TOPICAL TERM | |
| Topical term or geographic name entry element | EASEMENT |
| 650 ## - SUBJECT ADDED ENTRY--TOPICAL TERM | |
| Topical term or geographic name entry element | LAW OF PROPERTY ACT 1925 S62 |
| 650 ## - SUBJECT ADDED ENTRY--TOPICAL TERM | |
| Topical term or geographic name entry element | PARKING |
| 650 ## - SUBJECT ADDED ENTRY--TOPICAL TERM | |
| Topical term or geographic name entry element | FORECOURT |
| 690 ## - LOCAL SUBJECT ADDED ENTRY--TOPICAL TERM (OCLC, RLIN) | |
| Topical term or geographic name as entry element | Boundary disputes |
| 9 (RLIN) | 6221 |
| 942 ## - ADDED ENTRY ELEMENTS (KOHA) | |
| Suppress in OPAC | 0 |
| Withdrawn status | Lost status | Source of classification or shelving scheme | Damaged status | Not for loan | Home library | Current library | Shelving location | Date acquired | Total Checkouts | Full call number | Barcode | Date last seen | Copy number | Price effective from | Koha item type |
|---|---|---|---|---|---|---|---|---|---|---|---|---|---|---|---|
| Dewey Decimal Classification | London | London | Journal article | 05/12/2000 | ABS63089 | 109726-1001 | 06/08/2019 | 1 | 06/08/2019 | Law report |